| 000 | 00382 a2200145 4500 | ||
|---|---|---|---|
| 001 | 170194 | ||
| 020 | _a | ||
| 040 | _cMagnum | ||
| 100 | _aAgencia Regional de Noticias | ||
| 240 | 1 | 0 |
_aClipping em educacao - 31/07/00 a 06/08/00 - ano i - nº 50 _lpor |
| 245 | 1 | 0 | _aClipping em educacao - 31/07/00 a 06/08/00 - ano i - nº 50 |
| 362 | 0 | _a1899 | |
| 697 | _aENSINO | ||
| 942 | _cBK | ||
| 999 |
_c170194 _d170194 |
||